000 00306nam a2200133Ia 4500
005 20260328101454.0
008 260328s9999||||xx |||||||||||||| ||und||
100 _aAllen, Stan
245 0 _aMathias Klotz /
_cStan Allen
260 _bGustavo Gili
300 _a143 p.
650 _aARQUITECTOS
942 _cBK
999 _c8784
_d8784